GC állófázisok elméleti kémiai és kemometriai módszerekkel történő jellemzése [Characterizations of the GC stationary phases by methods of theoretical chemistry and chemometrics]

Elmentve itt :
Bibliográfiai részletek
Szerzők: Rajkó Róbert
Körtvélyesi Tamás
Görgényi Miklós
Dokumentumtípus: Könyv része
Megjelent: KE Műszaki Kémiai Kutató Intézet Veszprém 2005
Sorozat:Műszaki Kémiai Napok '05 [Days of Chemical Engineering '05]
mtmt:1373725
Online Access:http://publicatio.bibl.u-szeged.hu/6191
LEADER 00914naa a2200217 i 4500
001 publ6191
005 20180821130510.0
008 160129s2005 hu o 0|| zxx d
020 |a 963-9495-71-9 
024 7 |a 1373725  |2 mtmt 
040 |a SZTE Publicatio Repozitórium  |b hun 
041 |a zxx 
100 1 |a Rajkó Róbert 
245 1 0 |a GC állófázisok elméleti kémiai és kemometriai módszerekkel történő jellemzése [Characterizations of the GC stationary phases by methods of theoretical chemistry and chemometrics]  |h [elektronikus dokumentum] /  |c  Rajkó Róbert 
260 |a KE Műszaki Kémiai Kutató Intézet  |b Veszprém  |c 2005 
300 |a 330 
300 |a 251-253 
490 0 |a Műszaki Kémiai Napok '05 [Days of Chemical Engineering '05] 
700 0 1 |a Körtvélyesi Tamás  |e aut 
700 0 1 |a Görgényi Miklós  |e aut 
856 4 0 |u http://publicatio.bibl.u-szeged.hu/6191/1/MKN2005_RRKT.pdf  |z Dokumentum-elérés